Normal view MARC view
  • Saad Saud Ali Shah

Entry Personal Name

Number of records used in: 1

001 - CONTROL NUMBER

  • control field: 104910

003 - CONTROL NUMBER IDENTIFIER

  • control field: NUST

005 - DATE AND TIME OF LATEST TRANSACTION

  • control field: 20221215094312.0

008 - FIXED-LENGTH DATA ELEMENTS

  • fixed length control field: 221215|| aca||aabn | a|a d

040 ## - CATALOGING SOURCE

  • Original cataloging agency: NUST
  • Transcribing agency: NUST

100 ## - HEADING--PERSONAL NAME

  • Personal name: Saad Saud Ali Shah

670 ## - SOURCE DATA FOUND

  • Source citation: Work cat.: (NUST): Saad Saud Ali Shah, TH-SOF-2112-Fabrication Of Cu DOPED ZINC Sulfide Thin Films for 2nd Generation Photovoltaics, 2022.
© 2023 Central Library, National University of Sciences and Technology. All Rights Reserved.